| 000 | 04274njm a2200553Ia 4500 | ||
|---|---|---|---|
| 001 | F0406 | ||
| 003 | IT-RoPAU | ||
| 005 | 20220918181113.0 | ||
| 008 | 131025s9999 xx 000 0 und d | ||
| 040 | _aIT-RoPAU | ||
| 040 | _cIT-RoPAU | ||
| 999 |
_c99191 _d99191 |
||
| 999 | _bn.d. | ||
| 100 |
_aAA.VV. _9794 |
||
| 100 |
_eAutore musica _932131 |
||
| 100 |
_gCodice autore musica SPICS: 12000 _9796 |
||
| 245 | _aBest of George Benson-The Instrumentals | ||
| 250 | _a1a ed. | ||
| 260 | _aUSA | ||
| 260 | _bWARNER BROS RECORDS | ||
| 300 | _aCOMPACT DISC | ||
| 300 | _c58 minuti (Testo: pag.) | ||
| 500 | _aMusica strumentale. | ||
| 505 | _aMy Heart Is Dancing (6:00) - Breezin' (6:00) - Mimosa (7:00) - Dinorah, Dinorah (4:00) - Being With You (4:00) - Valdez In the Country (5:00) - Affirmation (7:00) - Tenderly (4:00) - We All Remember Wes (6:00) - Weekend In L.A. (8:00) - That's Right (5:00) | ||
| 511 | _aTratto da "Love Remembers" Benson George: chit; Whalum Kirk: sax; Brecker Randy: flugelhorn; Laws Hubert: fl; James Bob: p; Tee Richard: electric p; Washington Freddie: bass; Hakim Omar: perc; Risenhoover Max: synthesizer, progr | ||
| 511 | _aTratto da "Breezin'" Benson George: chit; Dalto Jorge: electric piano solo, clavinet, acousticp; Foster Ronnie: elec p, mini-moog; Upchurch Phil: chit ritmica, basso; Mason Harvey: batt; Macdonald Ralph: perc | ||
| 511 | _aTratto da "Collaboration" Benson George: chit elet; Klugh Earl: chit classica; Philinganes Greg: synth; Jackson Paul: chit ritmica; Miller Marcus: bass; Mason Harvey: batt; Da Costa Paulinho: perc; Williams Larry: arr, tromba | ||
| 511 | _aTratto da "Give Me the Night" Benson George: chit, scat vocals; Fischer Claire: p acustico, p elettrico; Philinganes Greg: p elettrico; Hancock Herbie: synth; Johnson Louis: bass; Robinson John: batt; Da Costa Paulinho: perc; Hey Jerry: tr; Hutchcroft Kim, Williams Larry: sax, f; Austin Patti: voc | ||
| 511 | _aTratto da "In Your Eyes" Benson George: chit; Buchanan Robbie: electric piano; Jackson Paul Jr: chit rit; Jackson Anthony: bass; Vega Carlos: batt; Mardin Arif: string, arr | ||
| 511 | _aTratto da "In Flight" Benson George: chit; Dalto Jorge: clavinet e p acust; Foster Ronnie: p elet, mini-moog; Upchurch Phil: chit rit, bass; Mason Harvey: batt; MacDonald Ralph: perc | ||
| 511 | _aTratto da "Breezin'" Benson George: chit; Dalto Jorge: p elet, clavinet, p acust; Foster Ronnie: p elet, mini-moog; Upchurch Phil: chit rit; Banks Stanley: bass; Mason Harvey: batt; MacDonald Ralph: perc | ||
| 511 | _aTratto da "Tenderly" Benson George: chit | ||
| 511 | _aTratto da "Weekend In L.A" Benson George: chit; Dalto Jorge: p acust, tast; Foster Ronnie: tast; Upchurch Phil: chit rit; Banks Stanley: bass; Mason Harvey: batt; MacDonald Ralph: perc | ||
| 511 | _aBenson George: chit; Peterson Ricky: tast, organo; Peterson Paul: chit rit, bass; Bland Michael: batt | ||
| 650 |
_aSTRUMENTALE [COMPACT DISC] _eCodice MATERIA SPICS: 9949 _932132 |
||
| 700 |
_aBenson George _gCodice interprete SPICS: 16186 _eInterprete _932133 |
||
| 700 |
_aHakim Omar _gCodice autore musica SPICS: 50221 _eAutore musica _pMy Heart Is Dancing - Being With You _932134 |
||
| 700 |
_aWomack Bobby _gCodice autore musica SPICS: 50222 _eAutore musica _pBreezin' _932135 |
||
| 700 |
_aBenson George _gCodice autore musica SPICS: 16186 _eAutore musica _pMimosa - Weekend In L.A. _932136 |
||
| 700 |
_aLins Ivan _gCodice autore musica SPICS: 29890 _eAutore musica _pDinorah, Dinorah _932137 |
||
| 700 |
_aMartins V. _gCodice autore SPICS: 15592 _eAutore _pDinorah, Dinorah _932138 |
||
| 700 |
_aHathaway Donnie _gCodice autore musica SPICS: 50223 _eAutore musica _pValdez In the Country _932139 |
||
| 700 |
_aFeliciano José _gCodice autore musica SPICS: 14492 _eAutore musica _pAffirmation _932140 |
||
| 700 |
_aGross Walter _gCodice autore musica SPICS: 15709 _eAutore musica _pTenderly _932141 |
||
| 700 |
_aLawrence Jack _gCodice autore SPICS: 15708 _eAutore _pTenderly _932142 |
||
| 700 |
_aWonder (Stevie) St. _gCodice autore musica SPICS: 11163 _eAutore musica _pWe All Remember Wes _932143 |
||
| 700 |
_aWhite _gCodice autore musica SPICS: 23106 _eAutore musica _pThat's Right _932144 |
||
| 700 |
_aSmith _gCodice autore SPICS: 20145 _eAutore _pThat's Right _932145 |
||
| 942 |
_cCD _2ddc |
||